| 000 | 01313nam a2200325 4500 | ||
|---|---|---|---|
| 003 | EG-GICUC | ||
| 005 | 20260121101217.0 | ||
| 008 | 251113s2000 ua ||||fr|||| 00| 0 ara d | ||
| 017 | _a20005169 | ||
| 020 | _a9770429465 | ||
| 040 |
_a EG-GICUC _bara _c EG-GICUC _d EG-GICUC _erda |
||
| 041 | 0 | _aara | |
| 082 | 0 | 4 |
_221 _a341.851 _bا ب . ت |
| 092 | 0 | 4 | _221 |
| 099 | _aLaw1 12 341.851 ا ب . ت 1 ed - 2000 | ||
| 100 | 0 |
_aابو العلا علي ابو العلا النمر _eمؤلف. |
|
| 245 | 1 | 0 |
_aتكوين هيئات التحكيم : _cابو العلا علي ابو العلا النمر، _bدراسة تحليلية مقارنة. |
| 250 | _aالطبعة الاولى | ||
| 264 |
_aالقاهرة : _bدار النهضة العربية، _c2000. |
||
| 300 |
_a216 ؛صفحة _c24 سم |
||
| 336 |
_2rda content _atext |
||
| 337 |
_2rda media _aComputer |
||
| 338 |
_2rda carrier _aOnline Resource |
||
| 504 | _aيحتوي على ارجاعات ببليوجرافية يحتوي على قائمة بالمراجع | ||
| 546 | _aالنص أغلبه باللغة العربية مع بعض النصوص الفرنسية | ||
| 650 | 1 | _aالتحكيم - قانون دولي | |
| 856 | 4 | 0 | _uhttps://fll.law.cu.edu.eg/fulltext/bks/B12-01356.pdf |
| 905 |
_a75 _eYara |
||
| 942 |
_2ddc _n0 _cBK _e21 |
||
| 999 |
_c43005 _d43005 |
||